000 01264cam a2200301 i 4500
003 SA-RiAUC
005 20241109144538.0
008 241102s1993 xx g b 000 0 ara c
024 0 _a22000000000058
040 _aSA-RiAUC
_bara
_cSA-RiAUC
_erda
082 0 4 _a212
_qSA-RiAUC
090 _a212
_bف ض ل
100 1 _aفضل، أسماء علي محمد
_eمؤلف.
245 1 0 _aأثر العبادة التربوي في تكوين الشخصية وتحديد السلوك /
_cإعداد أسماء علي محمد فضل.
250 _aالطبعة الأولى.
264 1 _a[مكان النشر غير محدد] :
_b[النشر غير محدد]،
_c1993
300 _a151 صفحة ؛
_c24 سم
336 _aنص
_btxt
_2rdacontent
_3كتاب
337 _aبدون وسيط
_bn
_2rdamedia
338 _aمجلد
_bnc
_2rdacarrier
500 _aالأصل أطروحة (ماجستير)-جامعة أم القرى، كلية التربية، 1405 هـ.
504 _aيشتمل على ببليوجرافية.
650 7 _aالتربية الإسلامية
_2aucsh
650 7 _aالأخلاق الإسلامية
_2aucsh
650 7 _aالشخصية الإسلامية
_2aucsh
942 _2ddc
_cBOOK
_n0
949 _aSA-JeALM
_d241102
_umohamedma123
_n1
999 _c2225
_d2225